Hoechst annual report 1996
Uložené v:
| Médium: | Kniha |
|---|---|
| Jazyk: | English |
| Vydavateľské údaje: |
Frankfurt am Main
Hoechst
1996
|
| Predmet: | |
| Tagy: |
Žiadne tagy, Buďte prvý, kto otaguje tento záznam!
|
MARC
| LEADER | 00000nam a2200000 4500 | ||
|---|---|---|---|
| 001 | c108383 | ||
| 005 | 20221123123834.6 | ||
| 041 | 0 | |a eng | |
| 044 | |a DE | ||
| 245 | 1 | 0 | |a Hoechst |b annual report 1996 |
| 264 | 1 | |a Frankfurt am Main |b Hoechst |c 1996 | |
| 300 | |a 96 s. | ||
| 610 | 2 | 0 | |a priemysel chemický |
| 610 | 2 | 0 | |a liečivá |